Bláža : moje pravda /

Hlavní autor: Blažek, Jaromír, 1972-
Další autoři: Macho, Milan, 1947-
Jazyk: Čeština
Vydáno: V Praze : XYZ, 2012
Témata:
Fyzický popis: 381 s., [16] s. obr. příl. : il. (některé barev.), portréty ; 21 cm
Knihy
Uloženo v:
LEADER 01708nam a2200481 a 4500
001 nkc20122375222
003 CZ PrNK
005 20120717060826.0
007 ta
008 120626s2012 xr acf e 000 0acze
015 |a cnb002375222 
020 |a 978-80-7388-668-4  |q (váz.) 
035 |a (OCoLC)806200421 
040 |a OLA001  |b cze  |d BOA001  |d ABA001 
043 |a e-xr--- 
045 |a x7y1 
072 7 |a 796  |x Sport. Hry. Tělesná cvičení  |2 Konspekt  |9 20 
072 7 |a 929  |x Biografie  |2 Konspekt  |9 8 
080 |a 796.332.056.222  |2 MRF 
080 |a 796.332  |2 MRF 
080 |a (437.3)  |2 MRF 
080 |a (092)  |2 MRF 
100 1 |a Blažek, Jaromír,  |d 1972-  |7 osa2012704143  |4 aut 
245 1 0 |a Bláža :  |b moje pravda /  |c Jaromír Blažek, Milan Macho 
246 3 0 |a Moje pravda 
260 |a V Praze :  |b XYZ,  |c 2012 
300 |a 381 s., [16] s. obr. příl. :  |b il. (některé barev.), portréty ;  |c 21 cm 
600 1 7 |a Blažek, Jaromír,  |d 1972-  |7 osa2012704143  |2 czenas 
648 4 |a 1972-2012 
648 7 |a 20.-21. století  |7 ch462155  |2 czenas 
650 0 7 |a fotbaloví brankáři  |7 ph114581  |z Česko  |y 20.-21. stol.  |2 czenas 
650 0 7 |a fotbal  |7 ph114578  |z Česko  |y 20.-21. stol.  |2 czenas 
650 0 9 |a soccer goalkeepers  |z Czechia  |y 20th-21st centuries  |2 eczenas 
650 0 9 |a soccer  |z Czechia  |y 20th-21st centuries  |2 eczenas 
655 7 |a autobiografie  |7 fd131855  |2 czenas 
655 9 |a autobiography  |2 eczenas 
700 1 |a Macho, Milan,  |d 1947-  |7 jn20000401692  |4 aut 
910 2 |a BOA001  |b 2-1288.234 
928 9 |a Albatros Media - XYZ 
990 |a BK 
995 |a 01 
991 |b 201207  |c NOV  |e n 
996 6 |b 2610515145  |c 2-1288.234  |l MZK  |r Sklad / do 1 hodiny  |n 1  |p p.v.  |w 001261490  |u 000010  |a 1  |e BOA001  |j MZK50  |s P